000 00735nam a2200205Ia 4500
005 20260121110245.0
008 008 260114s9999 xx 000 0 hin d
020 _a9788132302230
037 _aEBOOK
040 _aCRL
_bhin
_cCRL
041 _ahin
_2hin
084 _qCRL
100 _aदिशा सिंह / Disha Singh
_9943957
245 0 _aग्राम नियोजन एवं विकास में महिलाओं की भूमिका / Gram Niyojan Aur Vikas Mein Mahilaon Ki Bhumika
260 _bभाषा प्रकाशन / Bhasha Prakashan
_c2020
856 _uhttps://bhashaprakashan.com/product-details/377907
942 _cEBOOK
999 _c1535622
_d1535622